书目信息 |
| 题名: |
中小型景观工程实例详解
|
|
| 作者: | 李志猛 , 王强 编著 | |
| 分册: | ||
| 出版信息: | 北京 中国水利水电出版社 2013 |
|
| 页数: | 436页 | |
| 开本: | 21×29cm | |
| 丛书名: | ||
| 单 册: | ||
| 中图分类: | TU986.2 | |
| 科图分类: | ||
| 主题词: | 景观设计--案例 , 景观设计 | |
| 电子资源: | ||
| ISBN: | 978-7-5170-0877-4 | |
| 000 | 00896nam0 2200241 450 | |
| 001 | 140915 | |
| 005 | 20140930092033.71 | |
| 010 | @a978-7-5170-0877-4@dCNY 58.00 | |
| 100 | @a20130712d2013 em y0chiy50 ea | |
| 101 | 0 | @achi |
| 102 | @aCN@b110000 | |
| 105 | @aa z 000yy | |
| 200 | 1 | @a中小型景观工程实例详解@Azhong xiao xing jing guan gong cheng shi li xiang jie@b专著@e方案及施工图设计@f王强,李志猛编著 |
| 210 | @a北京@c中国水利水电出版社@d2013 | |
| 215 | @a436页@d21×29cm | |
| 330 | @a本书搜集了中小型园林景观工程典型实例,呈现了设计方案和施工图纸,包括街头绿地景观设计、居住区景观设计、行政办公楼景观设计方案、济南园博园景观设计、古村落景观设计方案等。 | |
| 606 | 0 | @a景观设计@x案例 |
| 606 | 0 | @a景观设计 |
| 690 | @aTU986.2@v5 | |
| 701 | 0 | @a李志猛@Ali zhi meng@f(1982 )@4编著 |
| 701 | 0 | @a王强@Awang qiang@f(1974 )@4编著 |
| 801 | 0 | @c20140930 |
| 905 | @a241430@dTU986.2@eW3121 | |
| 中小型景观工程实例详解:方案及施工图设计/王强,李志猛编著.-北京:中国水利水电出版社,2013 |
| 436页;21×29cm |
| ISBN 978-7-5170-0877-4:CNY 58.00 |
| 本书搜集了中小型园林景观工程典型实例,呈现了设计方案和施工图纸,包括街头绿地景观设计、居住区景观设计、行政办公楼景观设计方案、济南园博园景观设计、古村落景观设计方案等。 |
| ● |
| 相关链接 |
|
|
|
正题名:中小型景观工程实例详解
索取号:TU986.2/W3121
 
预约/预借
| 序号 | 登录号 | 条形码 | 馆藏地/架位号 | 状态 | 备注 |
| 1 | 0836463 | 208364633 | 建筑库201/201建筑库 119排1列2层/ [索取号:TU986.2/W3121] | 在馆 | |
| 2 | 0836464 | 208364642 | 建筑库201/201建筑库 119排1列2层/ [索取号:TU986.2/W3121] | 在馆 |